Bilecik Bilecik Bilecik Bilecik Bilecik

Türkiye'de toplum ve siyaset : (Record no. 18261)

MARC details
000 -BAŞLIK
Sabit Uzunluktaki Kontrol Alanı 02590nam a22007097a 4500
001 - KONTROL NUMARASI
Control Dosyası 0018304
003 - KONTROL NUMARASI KİMLİĞİ
Kontrol Alanı KOHA_MİRAKIL
005 - EN SON İŞLEM TARİHİ ve ZAMANI
Kontrol Alanı 20260207002208.0
007 - FİZİKSEL TANIM SABİT ALAN - GENEL BİLGİ
Sabit uzunluklu kontrol alanı ta
008 - SABİT UZUNLUKTAKİ VERİ ÖGELERİ - GENEL BİLGİ
Sabit Alan 100630b2003 tu |||gr||||#||||0|tur |
020 ## - ISBN - ULUSLARARASI STANDART KİTAP NUMARASI
Isbn 9754700575
Nitelik bilgileri tk 9754700583
-- c.1
040 ## - KATALOGLAMA KAYNAĞI
Özgün Kataloglama Kurumu TR-BiSEU
Kataloglama Dili tur
Çeviri Kurumu TR-BiSEU
Açıklama Kuralları rda
041 0# - DİL KODU
Metin ya da ses kaydının dil kodu tur
044 ## - YAYINLAYAN/ÜRETEN KURULUŞUN ÜLKE KODU
ISO country code tu
050 ## - SINIFLAMA ve YER NUMARASI
Sınıflama Numarası HN656.5
Yer Numarası .M37 2003
100 1# - KİŞİ ADI
Yazar Adı (Kişi adı) Mardin, Şerif.
245 1# - ESER ADI BİLDİRİMİ
Başlık Türkiye'de toplum ve siyaset :
Alt Eseradı vb. makaleler 1/
Sorumluluk Bildirimi Şerif Mardin ; Şerif Mardin; edt. Mümtaz'er Türköne, Tuncay Önder.
264 #1 - ÜRERİM, YAYIN, DAĞITIM ve TELİF BİLDİRİMİ
Yayın yeri İstanbul :
Yayınlayan İletişim, c1990
Yayın tarihi 2003
300 ## - FİZİKSEL TANIMLAMA
Sayfa, Cilt vb. 4 c. ;
Boyutları 20 cm.
336 ## - İÇERİK TÜRÜ
Content type term metin
Content type code txt
Source rdacontent
337 ## - MEDYA TÜRÜ
Media type term aracısız
Media type code n
Source rdamedia
338 ## - TAŞIYICI TÜRÜ
Carrier type term cilt
Carrier type code nc
Source rdacarrier
490 1# - DİZİ BİLDİRİMİ
Dizi Bildirimi İletişim Yayıncılık ;
Cilt Numarası 110.
490 1# - DİZİ BİLDİRİMİ
Dizi Bildirimi Şerif Mardin bütün eserleri ;
Cilt Numarası 6.
500 ## - GENEL NOT
Genel Not Dizin var.
500 ## - GENEL NOT
Genel Not c.1 Türkiye'de toplum ve siyaset
500 ## - GENEL NOT
Genel Not c.2 Siyasal ve sosyal bilimler
500 ## - GENEL NOT
Genel Not c.3 Türkiye'de din ve siyaset
500 ## - GENEL NOT
Genel Not c.4 Türk modernleşmesi
650 #0 - KONU BAŞLIĞI EK GİRİŞ - KONU TERİMİ
Konusal terim veya coğrafi ad Civil society.
9 (RLIN) 9078
650 #0 - KONU BAŞLIĞI EK GİRİŞ - KONU TERİMİ
Konusal terim veya coğrafi ad Turkey--History--Revolution, 1918-1923.
9 (RLIN) 10129
650 #0 - KONU BAŞLIĞI EK GİRİŞ - KONU TERİMİ
Konusal terim veya coğrafi ad Kemalism.
9 (RLIN) 7013
650 #0 - KONU BAŞLIĞI EK GİRİŞ - KONU TERİMİ
Konusal terim veya coğrafi ad Turkey--History--Tanzimat, 1839-1976.
9 (RLIN) 42244
650 #0 - KONU BAŞLIĞI EK GİRİŞ - KONU TERİMİ
Konusal terim veya coğrafi ad Policy sciences.
9 (RLIN) 42245
650 #0 - KONU BAŞLIĞI EK GİRİŞ - KONU TERİMİ
Konusal terim veya coğrafi ad Economics--History--Turkey.
9 (RLIN) 42246
650 #0 - KONU BAŞLIĞI EK GİRİŞ - KONU TERİMİ
Konusal terim veya coğrafi ad Sociology--Turkey.
9 (RLIN) 4855
650 #0 - KONU BAŞLIĞI EK GİRİŞ - KONU TERİMİ
Konusal terim veya coğrafi ad Religion and politics--Turkey.
9 (RLIN) 24728
650 #0 - KONU BAŞLIĞI EK GİRİŞ - KONU TERİMİ
Konusal terim veya coğrafi ad Turkey--Social conditions.
9 (RLIN) 5453
650 #0 - KONU BAŞLIĞI EK GİRİŞ - KONU TERİMİ
Konusal terim veya coğrafi ad Turkey--Economic conditions.
9 (RLIN) 8442
650 #0 - KONU BAŞLIĞI EK GİRİŞ - KONU TERİMİ
Konusal terim veya coğrafi ad Turkey--Politics and government.
9 (RLIN) 7156
650 #0 - KONU BAŞLIĞI EK GİRİŞ - KONU TERİMİ
Konusal terim veya coğrafi ad Turkey--Religion.
9 (RLIN) 14498
650 #0 - KONU BAŞLIĞI EK GİRİŞ - KONU TERİMİ
Konusal terim veya coğrafi ad Turkey--Social history.
9 (RLIN) 42247
650 #0 - KONU BAŞLIĞI EK GİRİŞ - KONU TERİMİ
Konusal terim veya coğrafi ad Turkey--History--Social policy.
9 (RLIN) 42248
650 #0 - KONU BAŞLIĞI EK GİRİŞ - KONU TERİMİ
Konusal terim veya coğrafi ad Sivil toplum.
9 (RLIN) 8876
650 #0 - KONU BAŞLIĞI EK GİRİŞ - KONU TERİMİ
Konusal terim veya coğrafi ad Kurtuluş savaşı, 1918-1923.
9 (RLIN) 13571
650 #0 - KONU BAŞLIĞI EK GİRİŞ - KONU TERİMİ
Konusal terim veya coğrafi ad Atatürkçülük.
9 (RLIN) 6730
650 #0 - KONU BAŞLIĞI EK GİRİŞ - KONU TERİMİ
Konusal terim veya coğrafi ad Türkiye--Tarih--Tanzimat, 1839-1876.
9 (RLIN) 24121
650 #0 - KONU BAŞLIĞI EK GİRİŞ - KONU TERİMİ
Konusal terim veya coğrafi ad Politik bilimler.
9 (RLIN) 42249
650 #0 - KONU BAŞLIĞI EK GİRİŞ - KONU TERİMİ
Konusal terim veya coğrafi ad Ekonomi--Tarih--Türkiye.
9 (RLIN) 25031
650 #0 - KONU BAŞLIĞI EK GİRİŞ - KONU TERİMİ
Konusal terim veya coğrafi ad Sosyoloji--Türkiye.
9 (RLIN) 42250
650 #0 - KONU BAŞLIĞI EK GİRİŞ - KONU TERİMİ
Konusal terim veya coğrafi ad Din ve politika--Türkiye.
9 (RLIN) 28692
650 #0 - KONU BAŞLIĞI EK GİRİŞ - KONU TERİMİ
Konusal terim veya coğrafi ad Sosyal bilimler--Türkiye.
9 (RLIN) 33897
650 #0 - KONU BAŞLIĞI EK GİRİŞ - KONU TERİMİ
Konusal terim veya coğrafi ad Türkiye--Sosyal durumlar.
9 (RLIN) 5454
650 #0 - KONU BAŞLIĞI EK GİRİŞ - KONU TERİMİ
Konusal terim veya coğrafi ad Türkiye--Ekonomik durumlar.
9 (RLIN) 42251
650 #0 - KONU BAŞLIĞI EK GİRİŞ - KONU TERİMİ
Konusal terim veya coğrafi ad Türkiye--Siyaset ve yönetim.
9 (RLIN) 7157
650 #0 - KONU BAŞLIĞI EK GİRİŞ - KONU TERİMİ
Konusal terim veya coğrafi ad Türkiye--Din.
9 (RLIN) 14499
650 #0 - KONU BAŞLIĞI EK GİRİŞ - KONU TERİMİ
Konusal terim veya coğrafi ad Türkiye--Sosyal tarih.
9 (RLIN) 42252
650 #0 - KONU BAŞLIĞI EK GİRİŞ - KONU TERİMİ
Konusal terim veya coğrafi ad Türkiye--Tarih--Sosyal politika.
9 (RLIN) 42253
830 1# - SERİ EK GİRİŞİ - TEKBİÇİM ESER ADI
Tekbiçim Başlık İletişim Yayıncılık ;
Volume number/sequential designation 110.
9 (RLIN) 23062
830 1# - SERİ EK GİRİŞİ - TEKBİÇİM ESER ADI
Tekbiçim Başlık Şerif Mardin bütün eserleri ;
Volume number/sequential designation 6.
9 (RLIN) 7402
942 ## - EK GİRİŞ ÖGELERİ (KOHA)
Source of classification or shelving scheme Library of Congress Classification
Koha item type Book
Holdings
Materyal Türü Kalıcı Konum Mevcut Konum Sınıflandırma Kaynağı Edinim Bilgisi Ana Konular Alt Konular Yer Numarası Cilt Bilgisi Demirbaş Numarası Fatura Tarihi Maliyet, Alış Fiyatı Maliyet, Yenileme Fiyatı Geri Çekilme Durumu Kayıp Durumu Hasarlı Durumu Kredi için değil Kayıt Tarih Toplam Ödünçverme Son Görülme Tarihi Son Kontrol Tarihi Genel / Bağış Notu
Book BŞEÜ Gölpazarı MYO Kütüphanesi BŞEÜ Gölpazarı MYO Kütüphanesi Library of Congress Classification Bağış SOSYAL BİLİMLER Sosyal Tarih ve Koşullar, Sosyal Problemler, Sosyal Reform HN656.5 .M37 2003 c.1 0018304 02/02/2026 20.00 20.00         30/06/2010 2 05/12/2024 05/12/2024 Genel Bağış